OVERCOMING DEPRESSION (Record no. 216502)
[ view plain ]
| 000 -LEADER | |
|---|---|
| fixed length control field | 00476nam a22001697a 4500 |
| 008 - FIXED-LENGTH DATA ELEMENTS--GENERAL INFORMATION | |
| fixed length control field | 260202b |||||||| |||| 00| 0 eng d |
| 020 ## - INTERNATIONAL STANDARD BOOK NUMBER | |
| International Standard Book Number | 978-1-84901-066-5 |
| 100 ## - MAIN ENTRY--PERSONAL NAME | |
| Personal name | GILBERT PAUL |
| 245 ## - TITLE STATEMENT | |
| Title | OVERCOMING DEPRESSION |
| Remainder of title | A SELF HEL GUIDE USING COGNITIVE BEHAVIORAL TECHNIQUES |
| 250 ## - EDITION STATEMENT | |
| Edition statement | 3RD ED |
| 260 ## - PUBLICATION, DISTRIBUTION, ETC. | |
| Place of publication, distribution, etc. | LO0NDON |
| Name of publisher, distributor, etc. | ROBINSON |
| Date of publication, distribution, etc. | 2009 |
| 300 ## - PHYSICAL DESCRIPTION | |
| Extent | XXIX,594P. |
| 500 ## - GENERAL NOTE | |
| General note | INCLUDES INDEX |
| 650 ## - SUBJECT ADDED ENTRY | |
| Topical term or geographic name entry element | DEPRESSION, MENTAL |
| 942 ## - ADDED ENTRY ELEMENTS (KOHA) | |
| Source of classification or shelving scheme | Library of Congress Classification |
| Koha item type | Long Loan Book |
| Withdrawn status | Lost status | Source of classification or shelving scheme | Damaged status | Not for loan | Collection | Home library | Current library | Shelving location | Date acquired | Inventory number | Total checkouts | Full call number | Barcode | Date last seen | Copy number | Price effective from | Koha item type |
|---|---|---|---|---|---|---|---|---|---|---|---|---|---|---|---|---|---|
| Library of Congress Classification | Arts & Social Sciences | Kisii University Library | Kisii University Library | On Display | 02/02/2026 | 111571 | RC 537 .G55 2009 | 50082 | 02/02/2026 | C.1 | 02/02/2026 | Long Loan Book | |||||
| Library of Congress Classification | Arts & Social Sciences | Kisii University Library | Kisii University Library | On Display | 02/02/2026 | 111572 | RC 537 .G55 2009 | 50084 | 02/02/2026 | C.2 | 02/02/2026 | Long Loan Book | |||||
| Library of Congress Classification | Arts & Social Sciences | Kisii University Library | Kisii University Library | On Display | 02/02/2026 | 111573 | RC 537 .G55 2009 | 50081 | 02/02/2026 | C.3 | 02/02/2026 | Long Loan Book | |||||
| Library of Congress Classification | Arts & Social Sciences | Kisii University Library | Kisii University Library | On Display | 02/02/2026 | 111574 | RC 537 .G55 2009 | 50085 | 02/02/2026 | C.4 | 02/02/2026 | Long Loan Book | |||||
| Library of Congress Classification | Arts & Social Sciences | Kisii University Library | Kisii University Library | On Display | 02/02/2026 | 111575 | RC 537 .G55 2009 | 50086 | 02/02/2026 | C.5 | 02/02/2026 | Long Loan Book |